00502 2200181 4500001002100000008004100021035002000062245005200082100002400134110002500158260004200183300001300225020002200238084001400260082000800274650001900282990001900301INLIS000000000001184 ind  a0010-0724001184 aCendekia Dengan SmartphonecNur Aini Rakhmawati aNur Aini Rakhmawati aRakhmawati, Nur Aini aSurabayabSistem Informasi, ITSc2016 a101 hlm. a978-602-73429-1-0 a621 NUR c a621 aFisika Terapan aP29/CP/24/1184